Flawed dogs / (Record no. 4617)
[ view plain ]
| 000 -LEADER | |
|---|---|
| fixed length control field | 01012nam a22002657a 4500 |
| 001 - CONTROL NUMBER | |
| control field | 4617 |
| 003 - CONTROL NUMBER IDENTIFIER | |
| control field | FISKH |
| 005 - DATE AND TIME OF LATEST TRANSACTION | |
| control field | 20240918104214.0 |
| 008 - FIXED-LENGTH DATA ELEMENTS--GENERAL INFORMATION | |
| fixed length control field | 240918b cb ||||| |||| 00| 0 eng d |
| 020 ## - INTERNATIONAL STANDARD BOOK NUMBER | |
| International Standard Book Number | 9780545271615 |
| 040 ## - CATALOGING SOURCE | |
| Original cataloging agency | FISKH |
| Language of cataloging | eng |
| Transcribing agency | FISKH |
| Modifying agency | FISKH |
| 050 ## - LIBRARY OF CONGRESS CALL NUMBER | |
| Classification number | PZ7.B7393 |
| 082 ## - DEWEY DECIMAL CLASSIFICATION NUMBER | |
| Edition number | 458 |
| 100 ## - MAIN ENTRY--PERSONAL NAME | |
| Personal name | Breathed, Berkeley |
| Dates associated with a name | 1957- |
| 245 ## - TITLE STATEMENT | |
| Title | Flawed dogs / |
| Statement of responsibility, etc. | Written and Illustrated by Berkeley Breathed |
| 250 ## - EDITION STATEMENT | |
| Edition statement | First printing in 2010 |
| 260 ## - PUBLICATION, DISTRIBUTION, ETC. | |
| Place of publication, distribution, etc. | New York : |
| Name of publisher, distributor, etc. | Scholastic, |
| Date of publication, distribution, etc. | 2010. |
| 300 ## - PHYSICAL DESCRIPTION | |
| Extent | 216 pages : |
| Other physical details | Color illustrations ; |
| Dimensions | 20cm |
| 520 ## - SUMMARY, ETC. | |
| Summary, etc. | After being framed by a jealous poodle, a dachshund is left for dead, but comes back with a group of mutts from the National Last Ditch Dog Depository to disrupt the prestigious Westminster Kennel Club dog show and exact revenge on Cassius the poodle. |
| 650 ## - SUBJECT ADDED ENTRY--TOPICAL TERM | |
| Source of heading or term | Juvenile fiction |
| Topical term or geographic name entry element | Fantasy |
| Form subdivision | Humor |
| 650 ## - SUBJECT ADDED ENTRY--TOPICAL TERM | |
| Source of heading or term | Chapter book |
| Topical term or geographic name entry element | Animals |
| Form subdivision | Dachshunds |
| 700 ## - ADDED ENTRY--PERSONAL NAME | |
| Personal name | Breathed, Berkeley |
| Dates associated with a name | Illustrator |
| 942 ## - ADDED ENTRY ELEMENTS (KOHA) | |
| Source of classification or shelving scheme | Dewey Decimal Classification |
| Koha item type | Books |
| Suppress in OPAC | No |
| Withdrawn status | Lost status | Source of classification or shelving scheme | Damaged status | Not for loan | Collection | Home library | Current library | Shelving location | Date acquired | Total Checkouts | Full call number | Barcode | Date last seen | Copy number | Price effective from | Koha item type |
|---|---|---|---|---|---|---|---|---|---|---|---|---|---|---|---|---|
| Dewey Decimal Classification | Juvenile Fiction | Footprints International School Library Network Toul Kork Campus | Footprints International School Library Network Toul Kork Campus | TTP Secondary Fiction Bookshelves | 09/18/2024 | BRE 458 PZ7.B7393 | 2024-2005 | 09/18/2024 | 1 | 09/18/2024 | Books | |||||
| Dewey Decimal Classification | Juvenile Fiction | Footprints International School Library Network Toul Kork Campus | Footprints International School Library Network Toul Kork Campus | TTP Secondary Fiction Bookshelves | 09/18/2024 | BRE 458 PZ7.B7393 | FISSE01391 | 11/25/2024 | 2 | 09/18/2024 | Books |
